Statistics for Kings of the Belgians

Click here to take the quiz!

General Stats

  • This quiz has been taken 26 times
  • The average score is 6 of 7

Answer Stats

Answer% Correct
Leopold I
100%
Leopold II
96%
Leopold III
92%
Philippe
92%
Albert I
88%
Albert II
88%
Baudouin
79%

Score Distribution

Percentile by Number Answered

Percent of People with Each Score

Your Score History

You have not taken this quiz